• 首页
  • 本馆介绍
  • 公告通知
  • 最新文献
  • 馆藏检索
  • 电子资源
  • 读者导购
  • 参考咨询
  • 我的图书馆
  • 登录
  • 详细信息显示
  • 放入我的书架
  • 预约/预借图书
  • 作者相关作品
  • 分类相关作品
  • 丛书相关作品
  • 出版社相关作品

书目信息

  • 表格格式
  • 工作单格式
  • 卡片格式
题名:
人类理智新论
    
 
作者: 莱布尼茨 著 ;陈修斋 译
分册:  
出版信息: 北京   商务印书馆  1982.11
页数: 792页
开本: 21cm
丛书名:
单 册:
中图分类: B516.22
科图分类:
主题词:
电子资源:
ISBN:
000 00533nam0 2200181 45
001 0181023906
005 20060411145423.65
010    @b精装@dCNY3.15
100    @a20810111d km y0chiy0120 ea
101 0  @achi
200 1  @a人类理智新论@AREN LEI LI ZHI XIN LUN@f(德)莱布尼茨著@F(De)Lai Bu Ni Ci Zhu@g陈修斋译
210    @a北京@c商务印书馆@d1982.11
215    @a792页@c肖像@d21cm
690    @aB516.22@v3
701 0  @a莱布尼茨@4著
702  0 @a陈修斋@AChen Xiu Zhai@4译
801    @aCN@bTSTC@c20060411
905    @dB516.22@e7@f2@b99764-765
    
    人类理智新论/(德)莱布尼茨著/陈修斋译.-北京:商务印书馆,1982.11
    792页:肖像;21cm
    
    
    ISBN (精装):CNY3.15
    
●
相关链接 在E读中查询图书 在五车中查询图书 在当当中查询图书 在豆瓣中查询图书


正题名:人类理智新论     索取号:B516.22/7         预约/预借

序号 登录号 条形码 馆藏地/架位号 状态 备注
1 0099763   202223254   密集书库/ [索取号:B516.22/7] 在馆    
2 0099764   001995274   密集书库/ [索取号:B516.22/7] 在馆    
3 0099765   000577897   第一借阅区/ [索取号:B516.22/7] 在馆    
4 0218161   000580231   第一样本阅览室/ [索取号:B516.22/7] 在馆    
唐山师范学院图书馆 欢迎您!
大连网信软件有限公司© 版权所有